Prowincje i terytoria Kanady według wielkości - Statystyki

Ogólne statystyki
  • Ten quiz został rozwiązany 4 razy
  • Średni wynik to 10 z 13
Statystyki odpowiedzi
Wielkość (km²) Prowincja % Poprawnych
474 391 Jukon
100%
925 186 Kolumbia Brytyjska
100%
917 741 Ontario
100%
1 356 128 Quebec
100%
642 317 Alberta
67%
553 556 Manitoba
67%
53 338 Nowa Szkocja
67%
71 450 Nowy Brunszwik
67%
1 936 113 Nunavut
67%
591 670 Saskatchewan
67%
1 183 085 Terytoria Północno Zachodnie
67%
5 660 Wyspa Księcia Edwarda
67%
373 872 Nowa Fundlandia i Labrador
33%
Nie znaleziono quizów pasujących do podanych kryteriów
Rozkład punktacji
Procent ludzi z każdym wynikiem
Percentyl według liczby udzielonych odpowiedzi
Twoja historia wyników
Nie rozwiązałeś tego quizu